VFB Stuttgart Trainer seit 2000 - Statistiken

Allgemein
  • Dieses Quiz wurde 263 mal gespielt
  • Das Durchschnittsergebnis liegt bei 15 aus 27
Antwortstatistiken
Hint Antwort % Korrekt
2023- Sebastian Hoeneß
95%
2010-2013 Bruno Labbadia
89%
2022-2023 Bruno Labbadia
89%
2006-2008 Armin Veh
84%
2014-2014 Armin Veh
84%
2019-2022 Pellegrino Matarazzo
75%
2001-2004 Felix Magath
67%
2018-2018 Tayfun Korkut
65%
2016-2018 Hannes Wolf
63%
2014-2014 Huub Stevens
61%
2014-2015 Huub Stevens
61%
2009-2010 Christian Gross
56%
2016-2016 Jos Luhukay
51%
2019-2019 Tim Walter
49%
2019-2019 Nico Willig
48%
2015-2015 Alexander Zorniger
47%
2018-2019 Markus Weinzierl
47%
2008-2009 Markus Babbel
44%
2005-2006 Giovanni Trapattoni
43%
2015-2016 Jürgen Kramny
40%
2022-2022 Michael Wimmer
39%
2013-2014 Thomas Schneider
37%
2004-2005 Matthias Sammer
35%
1999-2001 Ralf Rangnick
34%
2010-2010 Jens Keller
33%
2016-2016 Olaf Janßen
26%
2018-2018 Andreas Hinkel
21%
Keine übereinstimmenden Quizze gefunden
Verteilung der Resultate
Anzahl Personen mit jedem Resultat
Perzentil nach korrekt beantworteten Fragen
Ihre Resultats-Entwicklung
Sie haben dieses Quiz noch nicht gespielt